| 000 | 00586nam a2200193Ia 4500 | ||
|---|---|---|---|
| 005 | 20260429112110.0 | ||
| 008 | 260429s9999||||xx |||||||||||||| ||und|| | ||
| 020 | _a9781683674450 | ||
| 041 | _aEnglish | ||
| 082 |
_a579.076 _bMAR |
||
| 100 | _aMartin, Rebekah M. | ||
| 245 | 0 |
_a101 topics for clinical microbiology laboratory leaders : _baccreditation, verification, quality systems, and more / _cRebekah M. Martin |
|
| 250 | _a1st ed. | ||
| 260 |
_aNew Jersey : _bWiley, _c2025. |
||
| 300 | _axxvi, 227 p.; hb | ||
| 650 | _a Laboratory | ||
| 650 | _aMicrobiology | ||
| 942 | _cTB | ||
| 999 |
_c52347 _d52347 |
||